Eyewitness travel guides : (Record no. 25114)
[ view plain ]
| 000 -LEADER | |
|---|---|
| campo de control de longitud fija | 01034cam a2200349Ia 4500 |
| 001 - NÚMERO DE CONTROL | |
| campo de control | 88343 |
| 005 - FECHA Y HORA DE LA ÚLTIMA TRANSACCIÓN | |
| campo de control | 20230410103741.0 |
| 008 - DATOS DE LONGITUD FIJA--INFORMACIÓN GENERAL | |
| campo de control de longitud fija | 040512s2004 nyuab 001 0 eng d |
| 035 ## - NÚMERO DE CONTROL DEL SISTEMA | |
| Número de control de sistema | (OCoLC)ocm55129939 |
| 040 ## - FUENTE DE CATALOGACIÓN | |
| Centro catalogador/agencia de origen | SFR |
| Centro/agencia transcriptor | SFR |
| Centro/agencia modificador | BTCTA |
| 020 ## - NÚMERO INTERNACIONAL ESTÁNDAR DEL LIBRO | |
| Número Internacional Estándar del Libro | 0789493896 (pbk.) |
| 020 ## - NÚMERO INTERNACIONAL ESTÁNDAR DEL LIBRO | |
| Número Internacional Estándar del Libro | 9780789493897 (pbk.) |
| 035 ## - NÚMERO DE CONTROL DEL SISTEMA | |
| Número de control de sistema | (OCoLC)55129939 |
| 043 ## - CÓDIGO DE ÁREA GEOGRÁFICA | |
| Código de área geográfica | e-fr--- |
| 050 14 - SIGNATURA TOPOGRÁFICA DE LA BIBLIOTECA DEL CONGRESO | |
| Número de clasificación | 318 DC 708 |
| Número de ítem | E97 2004 |
| 082 00 - NÚMERO DE LA CLASIFICACIÓN DECIMAL DEWEY | |
| Número de clasificación | 914.4361 |
| 049 ## - FONDOS LOCALES (OCLC) | |
| Biblioteca depositaria | GRAL |
| 245 00 - MENCIÓN DEL TÍTULO | |
| Título | Eyewitness travel guides : |
| Resto del título | Paris / |
| Mención de responsabilidad, etc. | main contributor, Alan Tillier. |
| 246 30 - FORMA VARIANTE DEL TITULO | |
| Título propio/Titulo breve | Paris |
| 246 14 - FORMA VARIANTE DEL TITULO | |
| Título propio/Titulo breve | DK eyewitness travel guides Paris |
| 260 ## - PUBLICACIÓN, DISTRIBUCIÓN, ETC. | |
| Lugar de publicación, distribución, etc. | New York, N.Y. : |
| Nombre del editor, distribuidor, etc. | DK Pub., |
| Fecha de publicación, distribución, etc. | 2004. |
| 300 ## - DESCRIPCIÓN FÍSICA | |
| Extensión | 432 p. : |
| Otras características físicas | col. ill., col. maps ; |
| Dimensiones | 23 cm. |
| 490 1# - MENCIÓN DE SERIE | |
| Mención de serie | Eyewitness travel guides |
| 500 ## - NOTA GENERAL | |
| Nota general | "Reprinted with revisions ... 2004"--T.p. verso. |
| 500 ## - NOTA GENERAL | |
| Nota general | Includes indexes. |
| 651 #0 - PUNTO DE ACCESO ADICIONAL DE MATERIA--NOMBRE GEOGRÁFICO | |
| Nombre geográfico | Paris (France) |
| Subdivisión de forma | Guidebooks. |
| 700 1# - ENTRADA AGREGADA--NOMBRE PERSONAL | |
| Nombre de persona | Tillier, Alan. |
| 938 ## - | |
| -- | Baker and Taylor |
| -- | BTCP |
| -- | bl2005024579 |
| 942 ## - ELEMENTOS DE ENTRADA SECUNDARIOS (KOHA) | |
| Fuente del sistema de clasificación o colocación | Clasificación de Library of Congress |
| Tipo de ítem Koha | |
| 994 ## - | |
| -- | C0 |
| -- | DRFGD |
| 946 ## - PROCESAMIENTO DE INFORMACIÓN LOCAL (OCLC) | |
| a | rdc |
| Estatus retirado | Estado de pérdida | Fuente del sistema de clasificación o colocación | Estado de daño | No para préstamo | Colección | Biblioteca de origen | Biblioteca actual | Ubicación en estantería | Fecha de adquisición | Serial enumeration / chronology | Signatura topográfica completa | Código de barras | Visto por última vez | Copia número | Tipo de ítem Koha |
|---|---|---|---|---|---|---|---|---|---|---|---|---|---|---|---|
| Clasificación de Library of Congress | Recursos Regionales | Biblioteca Juan Bosch | Biblioteca Juan Bosch | Recursos Regionales (2do. Piso) | 10/04/2023 | 1 | 318 DC 708 E97 2004 | 00000076727 | 23/10/2018 | 1 |
